[Event "IECC KO email"]
[Site "IECC email"]
[Date "2002.12.12"]
[Round "?"]
[White "Carothers, Charles"]
[Black "Theofel, Heiner"]
[Result "1-0"]
[WhiteElo "1777"]
[BlackElo "1391"]
[PlyCount "27"]
[EventDate "2002.??.??"]
[EventType "tourn (corr)"]
[EventRounds "6"]
[SourceTitle "Corr 2008"]
[Source "ChessBase"]
[SourceDate "2008.06.24"]
[SourceVersion "1"]
[SourceVersionDate "2008.06.24"]
[SourceQuality "1"]

1. e4 e5 2. f4 d5 3. exd5 e4 4. d3 Nf6 5. dxe4 Nxe4 6. Nf3 Bc5 7. Qe2 Bf5 8. Nc3 Qe7 9. Be3 Nxc3 10. Bxc5 Qxe2+ 11. Bxe2 Nxe2 12. Kxe2 Nd7 13. Bd4 0-0 14. Rhe1 1-0

[Event "IECC KO email"]
[Site "IECC email"]
[Date "2002.12.12"]
[Round "?"]
[White "Theofel, Heiner"]
[Black "Carothers, Charles"]
[Result "0-1"]
[WhiteElo "1388"]
[BlackElo "1780"]
[PlyCount "28"]
[EventDate "2002.??.??"]
[EventType "tourn (corr)"]
[EventRounds "6"]
[SourceTitle "Corr 2008"]
[Source "ChessBase"]
[SourceDate "2008.06.24"]
[SourceVersion "1"]
[SourceVersionDate "2008.06.24"]
[SourceQuality "1"]

1. e4 c5 2. Nf3 d6 3. d4 cxd4 4. Nxd4 Nf6 5. Nc3 g6 6. Be3 Bg7 7. f3 0-0 8. Qd2 Nc6 9. 0-0-0 Bd7 10. Qe1 Qa5 11. Nb3 Qc7 12. Bb5 Be6 13. Nd5 Bxd5 14. exd5 Ne5 0-1

[Event "IECC KO email"]
[Site "IECC email"]
[Date "2002.08.19"]
[Round "?"]
[White "Rakovic, Miroslav"]
[Black "Carothers, Charles"]
[Result "1/2-1/2"]
[WhiteElo "1705"]
[BlackElo "1730"]
[PlyCount "43"]
[EventDate "2002.??.??"]
[EventType "tourn (corr)"]
[EventRounds "6"]
[SourceTitle "Corr 2008"]
[Source "ChessBase"]
[SourceDate "2008.06.24"]
[SourceVersion "1"]
[SourceVersionDate "2008.06.24"]
[SourceQuality "1"]

1. e4 c5 2. Nf3 d6 3. d4 cxd4 4. Nxd4 Nf6 5. Nc3 g6 6. Be3 Bg7 7. f3 0-0 8. Qd2 Nc6 9. 0-0-0 d5 10. exd5 Nxd5 11. Nxc6 bxc6 12. Bd4 e5 13. Bc5 Be6 14. Ne4 Rb8 15. Bc4 Kh8 16. h4 f5 17. Ng5 Bg8 18. h5 e4 19. Bd4 e3 20. Bxg7+ Kxg7 21. Qd4+ Qf6 22. hxg6 1/2-1/2

[Event "Liape Magistral 02-A email"]
[Site "Liape email"]
[Date "2002.08.11"]
[Round "7"]
[White "Muniz, David B"]
[Black "Carothers, Charles"]
[Result "1-0"]
[WhiteElo "1600"]
[BlackElo "1600"]
[PlyCount "96"]
[EventDate "2002.08.05"]
[EventType "tourn (corr)"]
[EventRounds "8"]
[EventCountry "ARG"]
[SourceTitle "Corr 2006"]
[Source "ChessBase"]
[SourceDate "2006.04.01"]
[SourceVersion "3"]
[SourceVersionDate "2006.04.01"]
[SourceQuality "1"]

1. e4 d5 2. exd5 Nf6 3. d4 Bg4 4. f3 Bf5 5. Bb5+ Nbd7 6. Nc3 a6 7. Ba4 b5 8. Bb3 Nb6 9. Bg5 Nfxd5 10. Nxd5 Nxd5 11. Ne2 h6 12. Bh4 Qd7 13. Qd2 e6 14. 0-0 Bd6 15. Bxd5 exd5 16. Ng3 0-0 17. Nxf5 Qxf5 18. c3 Qh5 19. Qf2 f5 20. f4 Rae8 21. Rfe1 Re4 22. Bg3 Rfe8 23. Qf1 c5 24. dxc5 Bxc5+ 25. Kh1 d4 26. b4 Be7 27. Rxe4 fxe4 28. cxd4 Bxb4 29. Qb1 Bd2 30. a4 e3 31. axb5 axb5 32. h3 Qd5 33. Qg6 Rf8 34. Qd3 Rd8 35. Rd1 b4 36. Qg6 Qxd4 37. Qe6+ Kh8 38. f5 Qd7 39. Bh4 Qxe6 40. fxe6 e2 41. Rg1 Re8 42. e7 g5 43. Be1 Bxe1 44. Rxe1 Rxe7 45. Kg1 b3 46. Kf2 b2 47. g4 Rf7+ 48. Ke3 Rf1 1-0

[Event "IECC CL4-2002.22"]
[Site "IECC email"]
[Date "2002.08.08"]
[Round "?"]
[White "Taner, Harun"]
[Black "Carothers, Charles"]
[Result "1-0"]
[WhiteElo "1580"]
[BlackElo "1722"]
[PlyCount "35"]
[EventDate "2002.??.??"]
[EventType "tourn (corr)"]
[EventRounds "4"]
[SourceTitle "Corr 2008"]
[Source "ChessBase"]
[SourceDate "2008.06.24"]
[SourceVersion "1"]
[SourceVersionDate "2008.06.24"]
[SourceQuality "1"]

1. d4 Nf6 2. c4 g6 3. Nc3 Bg7 4. e4 d6 5. Nf3 0-0 6. Be2 e5 7. 0-0 exd4 8. Nxd4 Re8 9. f3 Nc6 10. Be3 Nh5 11. Qd2 f5 12. Nxc6 bxc6 13. exf5 Bxf5 14. g4 Qh4 15. Rf2 Rxe3 16. Qxe3 Bd7 17. Bd3 Nf6 18. Re2 1-0

[Event "IECC CL4-2002.14"]
[Site "IECC email"]
[Date "2002.05.02"]
[Round "?"]
[White "Carothers, Charles"]
[Black "Turko, Sergey Ivanovich"]
[Result "0-1"]
[WhiteElo "1741"]
[BlackElo "2053"]
[PlyCount "98"]
[EventDate "2002.??.??"]
[EventType "tourn (corr)"]
[EventRounds "4"]
[SourceTitle "Corr 2008"]
[Source "ChessBase"]
[SourceDate "2008.06.24"]
[SourceVersion "1"]
[SourceVersionDate "2008.06.24"]
[SourceQuality "1"]

1. e4 e5 2. Nc3 Nf6 3. Bc4 Nc6 4. d3 Bb4 5. Nf3 d5 6. exd5 Nxd5 7. Bd2 Bxc3 8. bxc3 0-0 9. 0-0 Qd6 10. Re1 Bg4 11. Qe2 Rae8 12. Rab1 Nb6 13. Bb3 Na5 14. Qe4 Bxf3 15. Qxf3 c5 16. Be3 Re7 17. Qf5 h6 18. c4 Rd8 19. Bc1 Nc6 20. Bb2 Nd4 21. Qg4 Nd7 22. Qh4 Nf6 23. f3 Qe6 24. Bc3 Qf5 25. Ba4 Rd6 26. Bb2 Ra6 27. Bb3 Rae6 28. Re3 Qg6 29. Qf2 Nh5 30. Kh1 Nf4 31. Rbe1 Qh5 32. Re4 f5 33. R4e3 Rg6 34. Rg1 Ree6 35. Ree1 b6 36. Bc3 Kh8 37. Bxd4 exd4 38. Ba4 Rxe1 39. Qxe1 Re6 40. Qg3 Ne2 41. Qc7 Re7 42. Qc8+ Kh7 43. Ra1 Qf7 44. Bc6 Qe6 45. Qxe6 Rxe6 46. Bd5 Re5 47. a4 Nc3 48. a5 b5 49. a6 Re2 0-1

[Event "IECC CL4-2001.40"]
[Site "IECC email"]
[Date "2001.12.15"]
[Round "?"]
[White "Carothers, Charles"]
[Black "Jasinski, Jim"]
[Result "0-1"]
[WhiteElo "1649"]
[BlackElo "1668"]
[PlyCount "36"]
[EventDate "2001.??.??"]
[EventType "tourn (corr)"]
[EventRounds "4"]
[SourceTitle "Corr 2008"]
[Source "ChessBase"]
[SourceDate "2008.06.24"]
[SourceVersion "1"]
[SourceVersionDate "2008.06.24"]
[SourceQuality "1"]

1. e4 d5 2. exd5 Qxd5 3. Nc3 Qa5 4. d4 Nf6 5. Nf3 Bg4 6. h3 Bh5 7. g4 Bg6 8. Ne5 e6 9. Bg2 c6 10. Bd2 Qb6 11. Nxg6 hxg6 12. Qf3 Qxd4 13. 0-0-0 Nbd7 14. Rhe1 Be7 15. Bh6 Qb4 16. Bxg7 Rh7 17. Bxf6 Bxf6 18. Qxf6 Nxf6 0-1

[Event "IECC CL4-2001.36"]
[Site "IECC email"]
[Date "2001.11.21"]
[Round "?"]
[White "Carothers, Charles"]
[Black "Searson, Brendan"]
[Result "1-0"]
[WhiteElo "1677"]
[BlackElo "1769"]
[PlyCount "43"]
[EventDate "2001.??.??"]
[EventType "tourn (corr)"]
[EventRounds "4"]
[SourceTitle "Corr 2008"]
[Source "ChessBase"]
[SourceDate "2008.06.24"]
[SourceVersion "1"]
[SourceVersionDate "2008.06.24"]
[SourceQuality "1"]

1. e4 d5 2. exd5 Nf6 3. d4 Bg4 4. f3 Bf5 5. Bb5+ Nbd7 6. c4 e6 7. dxe6 fxe6 8. Nc3 c6 9. Ba4 Qc7 10. Nge2 Bd6 11. f4 0-0-0 12. 0-0 Nf8 13. a3 Ng6 14. b4 Nh5 15. g3 Nf6 16. Qb3 h5 17. h4 Be7 18. c5 a6 19. Qb2 Rd7 20. Bc2 Nd5 21. Ne4 Nf8 22. a4 1-0

[Event "IECC CL4-2001.33"]
[Site "IECC email"]
[Date "2001.11.01"]
[Round "?"]
[White "Carothers, Charles"]
[Black "Malm, Art"]
[Result "1-0"]
[WhiteElo "1660"]
[BlackElo "1755"]
[PlyCount "69"]
[EventDate "2001.??.??"]
[EventType "tourn (corr)"]
[EventRounds "4"]
[SourceTitle "Corr 2008"]
[Source "ChessBase"]
[SourceDate "2008.06.24"]
[SourceVersion "1"]
[SourceVersionDate "2008.06.24"]
[SourceQuality "1"]

1. e4 d6 2. d4 Nf6 3. Nc3 g6 4. f4 Bg7 5. Nf3 c5 6. Bb5+ Bd7 7. e5 Ng4 8. Bxd7+ Qxd7 9. d5 dxe5 10. h3 e4 11. Nxe4 Nf6 12. Nxf6+ Bxf6 13. 0-0 0-0 14. Be3 Rd8 15. Ne5 Qxd5 16. Qxd5 Rxd5 17. Rad1 e6 18. Rxd5 exd5 19. Bxc5 Na6 20. Bd4 Bxe5 21. Bxe5 Nb4 22. Rd1 Nxa2 23. Rxd5 Nb4 24. Rb5 Nxc2 25. Rxb7 a5 26. Kf2 Nb4 27. Kf3 h6 28. g3 Nc2 29. g4 Ne1+ 30. Ke2 Rd8 31. Kxe1 a4 32. Ra7 Rd5 33. Ra8+ Rd8 34. Rxd8+ Kh7 35. Rh8# 1-0

[Event "IECC CL4-2001.32"]
[Site "IECC email"]
[Date "2001.10.17"]
[Round "?"]
[White "Carothers, Charles"]
[Black "Winkel, Bjarne"]
[Result "1-0"]
[WhiteElo "1756"]
[BlackElo "1614"]
[PlyCount "63"]
[EventDate "2001.??.??"]
[EventType "tourn (corr)"]
[EventRounds "4"]
[SourceTitle "Corr 2008"]
[Source "ChessBase"]
[SourceDate "2008.06.24"]
[SourceVersion "1"]
[SourceVersionDate "2008.06.24"]
[SourceQuality "1"]

1. e4 e5 2. f4 exf4 3. Nf3 g5 4. h4 g4 5. Ne5 Nf6 6. d4 d6 7. Nd3 Nxe4 8. Bxf4 Qe7 9. Qe2 Nc6 10. c3 Bg7 11. Nd2 Nf6 12. h5 h6 13. 0-0-0 Qxe2 14. Bxe2 Be6 15. Rde1 0-0 16. Kb1 Nxh5 17. Rxh5 Ne7 18. Bxh6 Bxh6 19. Rxh6 Ng6 20. Ne4 Kg7 21. Reh1 Rh8 22. Rxh8 Rxh8 23. Rxh8 Nxh8 24. Nf4 Bf5 25. Bd3 Ng6 26. Nd5 c6 27. Ne3 Bxe4 28. Bxe4 d5 29. Bf5 g3 30. Bc8 b6 31. Bd7 Ne7 32. Nf1 1-0

[Event "IECC CL4-2001.31"]
[Site "IECC email"]
[Date "2001.10.07"]
[Round "?"]
[White "Morganti, Lionello"]
[Black "Carothers, Charles"]
[Result "1-0"]
[WhiteElo "1669"]
[BlackElo "1759"]
[PlyCount "37"]
[EventDate "2001.??.??"]
[EventType "tourn (corr)"]
[EventRounds "4"]
[SourceTitle "Corr 2008"]
[Source "ChessBase"]
[SourceDate "2008.06.24"]
[SourceVersion "1"]
[SourceVersionDate "2008.06.24"]
[SourceQuality "1"]

1. e4 d5 2. exd5 Nf6 3. d4 Bg4 4. f3 Bf5 5. Bb5+ Nbd7 6. c4 e6 7. dxe6 Bxe6 8. d5 Bf5 9. Nc3 Be7 10. Nge2 0-0 11. Bxd7 Qxd7 12. Be3 Rfe8 13. 0-0 Ba3 14. Bc1 Bc5+ 15. Kh1 Re7 16. Bg5 Rae8 17. Bxf6 gxf6 18. Ng3 Bg6 19. Nce4 1-0

[Event "IECC CL4-2001.30"]
[Site "IECC email"]
[Date "2001.09.23"]
[Round "?"]
[White "Carothers, Charles"]
[Black "Sanmartino, Gianluca"]
[Result "0-1"]
[WhiteElo "1768"]
[BlackElo "1696"]
[PlyCount "48"]
[EventDate "2001.??.??"]
[EventType "tourn (corr)"]
[EventRounds "4"]
[SourceTitle "Corr 2008"]
[Source "ChessBase"]
[SourceDate "2008.06.24"]
[SourceVersion "1"]
[SourceVersionDate "2008.06.24"]
[SourceQuality "1"]

1. e4 e5 2. f4 exf4 3. Nf3 Be7 4. Nc3 Bh4+ 5. Ke2 d5 6. Nxd5 Nf6 7. Nxf6+ Qxf6 8. d4 Bg4 9. c3 0-0 10. Qb3 b6 11. h3 Bxf3+ 12. gxf3 Qg5 13. Bd2 c6 14. Rh2 Re8 15. Rg2 Bg3 16. Be1 Nd7 17. Bxg3 fxg3 18. Ke1 Qh4 19. Qa4 b5 20. Qb4 Nf6 21. Qd6 Nh5 22. Kd1 Nf4 23. Rd2 Re6 24. Qc5 Rg6 0-1

[Event "IECC TH-T email"]
[Site "IECC email"]
[Date "2001.07.05"]
[Round "?"]
[White "Carothers, Charles"]
[Black "Pascual, Orlando B"]
[Result "1-0"]
[WhiteElo "1751"]
[BlackElo "1669"]
[PlyCount "67"]
[EventDate "2001.??.??"]
[EventType "match (corr)"]
[EventRounds "2"]
[SourceTitle "Corr 2008"]
[Source "ChessBase"]
[SourceDate "2008.06.24"]
[SourceVersion "1"]
[SourceVersionDate "2008.06.24"]
[SourceQuality "1"]

1. e4 c5 2. Nf3 d6 3. d4 cxd4 4. Nxd4 Nf6 5. Nc3 g6 6. Be3 Bg7 7. f3 a6 8. Qd2 Nc6 9. 0-0-0 Bd7 10. g4 b5 11. h4 h5 12. g5 Nh7 13. Nxc6 Bxc6 14. Bh3 0-0 15. Nd5 Rb8 16. Rhe1 b4 17. Bd4 Bxd4 18. Qxd4 Bxd5 19. exd5 Qc7 20. Kb1 Rb7 21. f4 Re8 22. f5 Nf8 23. Rf1 Qc5 24. Qd3 Rc7 25. fxg6 Nxg6 26. Be6 Ne5 27. Bxf7+ Kg7 28. Qf5 Rf8 29. g6 a5 30. Rd2 a4 31. Qxh5 Rh8 32. Qg5 a3 33. Be6 b3 34. Rf7+ 1-0

[Event "IECC TH-T email"]
[Site "IECC email"]
[Date "2001.07.05"]
[Round "?"]
[White "Pascual, Orlando B"]
[Black "Carothers, Charles"]
[Result "0-1"]
[WhiteElo "1683"]
[BlackElo "1749"]
[PlyCount "54"]
[EventDate "2001.??.??"]
[EventType "match (corr)"]
[EventRounds "2"]
[SourceTitle "Corr 2008"]
[Source "ChessBase"]
[SourceDate "2008.06.24"]
[SourceVersion "1"]
[SourceVersionDate "2008.06.24"]
[SourceQuality "1"]

1. e4 c5 2. Nf3 d6 3. d4 cxd4 4. Nxd4 Nf6 5. Nc3 g6 6. Be3 Bg7 7. f3 0-0 8. Qd2 Nc6 9. g4 Be6 10. Nxe6 fxe6 11. Bc4 d5 12. exd5 Ne5 13. Be2 Nxd5 14. Nxd5 exd5 15. f4 Nc6 16. 0-0-0 e6 17. Bc5 Qf6 18. c3 Rfd8 19. g5 Qf7 20. Qe3 d4 21. cxd4 b6 22. Bc4 Kh8 23. Bxe6 Qc7 24. h4 Nxd4 25. b4 bxc5 26. b5 Re8 27. f5 gxf5 0-1